Harry Potter First Names - Statistics

General Stats
  • This quiz has been taken 594 times
    591 since last reset
  • The average score is 119 of 154
Answer Stats
Hint Answer % Correct
Dumbledore Albus
97%
Black Sirius
97%
Potter James
96%
Potter Lily
96%
Riddle Tom
96%
Lestrange Bellatrix
95%
Diggory Cedric
95%
Chang Cho
95%
Dursley Dudley
95%
Weasley Fred
95%
Weasley George
95%
Potter Harry
95%
Granger Hermione
95%
Dursley Petunia
95%
Weasley Ron
95%
Weasley Arthur
94%
Weasley Charlie
94%
Malfoy Draco
94%
Delacour Fleur
94%
Weasley Ginny
94%
Bell Katie
94%
Malfoy Lucius
94%
Lovegood Luna
94%
Dursley Marjorie
94%
Weasley Molly
94%
Longbottom Neville
94%
Weasley Percy
94%
Dursley Vernon
94%
Crouch, Jr | Crouch, Sr Bartemius
93%
Weasley Bill
93%
Gryffindor Godric
93%
Abbott Hannah
93%
Hufflepuff Helga
93%
McGonagall Minerva
93%
Lupin Remus
93%
Hagrid Rubeus
93%
Snape Severus
93%
Krum Viktor
93%
Malfoy Narcissa
92%
Wood Oliver
92%
Pettigrew Peter
92%
Skeeter Rita
92%
Slytherin Salazar
92%
Crabbe Vincent
92%
Moody Alastor
91%
Bryce | Longbottom Frank
91%
Patil Padma
91%
Creevey Colin
90%
Umbridge Dolores
90%
Goyle Gregory
90%
Brown Lavender
90%
Tonks Nymphadora
90%
Ravenclaw Rowena
90%
Finnigan Seamus
90%
Dumbledore Aberforth
89%
Bagshot Bathilda
89%
Thomas Dean
89%
Lockhart Gilderoy
89%
Parkinson Pansy
89%
Black Regulus
89%
Longbottom Alice
88%
Dumbledore Ariana
88%
Flitwick Filius
88%
Patil Parvati
88%
Karkaroff Igor
87%
Jordan Lee
87%
Trelawny Sybil
87%
Filch Argus
86%
Bones Susan
86%
Tonks Ted
86%
Lovegood Xenophilius
86%
Diggory Amos
85%
Johnson Angelina
84%
Fudge Cornelius
84%
Ravenclaw Helena
84%
Slughorn Horace
84%
Shaklebolt Kingsley
84%
Zabini Blaise
83%
Greyback Fenrir
83%
McLaggen Cormac
82%
Delacour Gabrielle
82%
Clearwater Penelope
82%
Bagman Ludovic
81%
Gaunt Marvolo
81%
Lupin Teddy
81%
Belby | Flint Marcus
80%
Creevey Dennis
79%
Finch-Fletchley Justin
79%
de Mimsy-Porpington Nicholas
79%
Maxime Olympe
79%
Pomfrey Poppy
77%
Shunpike Stan
77%
Macmillan Ernie
76%
Bulstrode Millicent
76%
Flamel Nicolas
76%
Tonks Andromeda
74%
Sprout Pomona
74%
Spinnet Alicia
73%
Carrow Amycus
73%
Scrimgeour Rufus
73%
Burbage Charity
72%
Grindelwald Gellert
72%
Fletcher Mundungus
71%
Quirrell Quirinus
71%
Vane Romilda
71%
Dumbledore Kendra
70%
Carrow Alecto
69%
Figg Arabella
69%
Longbottom Augusta
69%
Lestrange Rodolphus
69%
Gaunt Merope
68%
Corner Michael
68%
Smith Zacharias
68%
Bones Amelia
67%
Dumbledore Percival
67%
Boot Terry
67%
Dolohov Antonin
65%
Ollivander Garrick
64%
Diggle Dedalus
63%
Doge Elphias
63%
Peverell Ignotus
63%
Cattermole Mary
63%
Edgecomb Marietta
61%
Gaunt Morfin
61%
Thicknesse Pius
60%
Cattermole Reginald
60%
Hooch Rolanda
59%
Jorkins Bertha
58%
Binns Cuthbert
54%
Polkiss Piers
52%
Peverell Cadmus
51%
Sinistra Aurora
50%
Cresswell Dirk
48%
Smith Hepzibah
47%
Grubbly-Plank Wilhelmina
47%
Peverell Antioch
46%
Rookwood Augustus
46%
Pince Irma
44%
Dawlish John
41%
Podmore Sturgis
41%
Vance Emmeline
40%
Macnair Walden
36%
Robins Demelza
35%
Vector Septima
35%
Rowle Thorfinn
31%
Twycross Wilkie
29%
Marchbanks Griselda
26%
Derwent Dilys
14%
Braithwaite Betty
4%
Dillonsby Ivor
4%
No matching quizzes found
Score Distribution
Percent of People with Each Score
Percentile by Number Answered
Your Score History
You have not taken this quiz since the last reset